000
00300nam a22001337a 4500
008
171009b xxu||||| |||| 00| 0 eng d
020
_a
9780446518628
041
_a
eng
080
_a
159.9
100
_a
159.9
101
_a
PSI
245
_a
THE CELLESTINE PROPHECY
_c
REDFIELD.J
942
_2
udc
_c
BK
999
_c
32468
_d
32468